000 00652nam a2200217 a 4500
999 _c3819
_d3819
001 3819
003 BD-JhCC
005 20171118195016.0
008 171118s1985 bg a|||| ||a| 000 0 ben d
035 _a(BD-JhCC) 3819
040 _aBD-JhCC
_dBD-JhCC
041 _aben
082 _a891.4415
_bAHM 2002
100 _aআহমদ, ফয়েজ
245 _aকামরুল হাসানের চিত্রশালায় /
_c ফয়েজ আহমদ
260 _aঢাকা :
_bসাহিত্য প্রকাশ ,
_c2002
300 _a33 p .:
_c21 cm .
650 _aChildren poem
942 _2ddc
_cBK